West to a land of plenty : (Record no. 1320)
[ view plain ]
| 000 -LEADER | |
|---|---|
| fixed length control field | 01399nam a2200397 4500 |
| 001 - CONTROL NUMBER | |
| control field | 97023064 |
| 005 - DATE AND TIME OF LATEST TRANSACTION | |
| control field | 20160815030359.0 |
| 008 - FIXED-LENGTH DATA ELEMENTS--GENERAL INFORMATION | |
| fixed length control field | 980605s1998 nyua j 00011 eng |
| 010 ## - LIBRARY OF CONGRESS CONTROL NUMBER | |
| LC control number | 97023064 |
| 020 ## - INTERNATIONAL STANDARD BOOK NUMBER | |
| International Standard Book Number | 0590738887 |
| Terms of availability | $14.75 |
| 035 ## - SYSTEM CONTROL NUMBER | |
| System control number | 323004 |
| 040 ## - CATALOGING SOURCE | |
| Original cataloging agency | DLC |
| Transcribing agency | DLC |
| Modifying agency | DLC |
| 050 #4 - LIBRARY OF CONGRESS CALL NUMBER | |
| Classification number | PZ7.M9535 |
| Item number | We 1998 |
| 082 14 - DEWEY DECIMAL CLASSIFICATION NUMBER | |
| Classification number | Fic |
| 092 ## - LOCALLY ASSIGNED DEWEY CALL NUMBER (OCLC) | |
| Classification number | F Murphy |
| 100 1# - MAIN ENTRY--PERSONAL NAME | |
| Personal name | Murphy, Jim, |
| Dates associated with a name | 1947- |
| 245 10 - TITLE STATEMENT | |
| Title | West to a land of plenty : |
| Remainder of title | the diary of Teresa Angelino Viscardi / |
| Statement of responsibility, etc. | by Jim Murphy. |
| 260 ## - PUBLICATION, DISTRIBUTION, ETC. | |
| Place of publication, distribution, etc. | New York : |
| Name of publisher, distributor, etc. | Scholastic, |
| Date of publication, distribution, etc. | 1998. |
| 300 ## - PHYSICAL DESCRIPTION | |
| Extent | 204 p. : |
| Other physical details | ill. ; |
| Dimensions | 18 cm. |
| 440 #0 - SERIES STATEMENT/ADDED ENTRY--TITLE | |
| Title | Dear America |
| 510 3# - CITATION/REFERENCES NOTE | |
| Name of source | Accelerated Reader |
| 510 3# - CITATION/REFERENCES NOTE | |
| Name of source | ALA Booklist |
| 510 3# - CITATION/REFERENCES NOTE | |
| Name of source | Bulletin of the Center for Children's Books |
| 510 3# - CITATION/REFERENCES NOTE | |
| Name of source | Horn Book |
| 520 ## - SUMMARY, ETC. | |
| Summary, etc. | While traveling in 1883 with her Italian American family (including a meddlesome little sister) and other immigrant pioneers to a utopian community in Idaho, fourteen-year-old Teresa keeps a diary of her experiences along the way. |
| 521 0# - TARGET AUDIENCE NOTE | |
| Target audience note | 5.9 |
| 521 2# - TARGET AUDIENCE NOTE | |
| Target audience note | 5-9 |
| 650 #1 - SUBJECT ADDED ENTRY--TOPICAL TERM | |
| Topical term or geographic name entry element | Frontier and pioneer life |
| General subdivision | Fiction. |
| 650 #1 - SUBJECT ADDED ENTRY--TOPICAL TERM | |
| Topical term or geographic name entry element | Sisters |
| General subdivision | Fiction. |
| 650 #1 - SUBJECT ADDED ENTRY--TOPICAL TERM | |
| Topical term or geographic name entry element | Italian Americans |
| General subdivision | Fiction. |
| 650 #1 - SUBJECT ADDED ENTRY--TOPICAL TERM | |
| Topical term or geographic name entry element | Diaries |
| General subdivision | Fiction. |
| 650 #7 - SUBJECT ADDED ENTRY--TOPICAL TERM | |
| Topical term or geographic name entry element | Frontier and pioneer life |
| General subdivision | Fiction |
| Source of heading or term | sears |
| 650 #7 - SUBJECT ADDED ENTRY--TOPICAL TERM | |
| Topical term or geographic name entry element | Sisters |
| General subdivision | Fiction |
| Source of heading or term | sears |
| 650 #7 - SUBJECT ADDED ENTRY--TOPICAL TERM | |
| Topical term or geographic name entry element | Italian Americans |
| General subdivision | Fiction |
| Source of heading or term | sears |
| 650 #7 - SUBJECT ADDED ENTRY--TOPICAL TERM | |
| Topical term or geographic name entry element | Diaries |
| General subdivision | Fiction |
| Source of heading or term | sears |
| Withdrawn status | Lost status | Source of classification or shelving scheme | Damaged status | Not for loan | Collection code | Home library | Current library | Shelving location | Date acquired | Cost, normal purchase price | Total Checkouts | Full call number | Barcode | Date last seen | Cost, replacement price | Price effective from | Koha item type |
|---|---|---|---|---|---|---|---|---|---|---|---|---|---|---|---|---|---|
| Dewey Decimal Classification | Ayers | Ayers | 10/13/1999 | 0.00 | F DEA | 401374 | 06/14/2019 | 1.00 | 08/15/2016 | *Hardcover |